000 01663nam0a22003731 4500
001 v19\rc\1590532
005 20250618214205.0
035 _a(NLR Aleph) 004715216
090 _a4255846
_c4255846
100 _a20061002d1894 |||y0rusy50 ca
101 1 _arus
_cger
102 _aRU
105 _aa z |||||
200 1 _aОпыты по физиологии растений
_e[Сокр. пер.]
_fВальтер Эльс (Oels)
210 _aСанкт-Петербург
_cтипо-лит. Ю.Я. Римана
_d1894
215 _a[2], 70 с.
_cил.
_d22
300 _aЗагл. ориг.: "Pflanzenphysiologische Uersuche"
300 _aВ полном пер. вышло под загл.: "Опыты из жизни растений, собранные для школьной практики"
311 _aПрил. к журн. "Науч. обозрение"
320 _aБиблиогр.: с. 1
422 0 _12001#$aНаучное обозрение
_tНаучное обозрение
451 0 _12001#$aОпыты из жизни растений, собранные для школьной практики
_tОпыты из жизни растений, собранные для школьной практики
454 0 _12001#$aPflanzenphysiologische Uersuche
_tPflanzenphysiologische Uersuche
700 1 _aЭльс
_bВ.
_f1852-
_gВальтер
801 0 _aRU
_bNLR
_gpsbo
801 0 _aRU
_bRuMoRGB
_2psbo
801 1 _aRU
_bProSoft-M
_2rusmarc
852 _aNLR
_j45/589
899 _aRuMoRGB
_jD 10/279
899 _aRuMoRGB
_jR 84/241
899 _aRuMoRGB
_jРб 3/647
899 _aНБ МГУ
942 _cBOOK
980 _aNB